Экономическая оценка инвестиций: учебное пособие для вузов

Podrobná bibliografie
Další autoři: Ример М. И. Мир Иосифович (редактор)
Shrnutí:В данном учебнике экономическая оценка инвестиций рассматривается с позиции определения соответствия технических, организационных, маркетинговых, финансовых и других решений, заложенных в проекте, целям и экономическим интересам инвестора. Во втором издании структура книги осталась прежней, добавлены лишь одна глава и два параграфа. Для лучшего понимания и усвоения научной теории экономической эффективности инвестиций расширено изложение проблемы формирования потоков денежных средств с позиции методов отражения в них научных принципов определения эффективности, преобразования потоков, представлены вопросы и методики оценки эффективности в прогнозных ценах. Увеличен объем ряда глав за счет включения материала, посвященного актуальным проблемам — определению альтернативной стоимости имущества, оптимизации источников финансирования. Основные принципы оценки эффективности, изложенные в пособии, корреспондируются с требованиями второй редакции методических указаний по расчету эффективности инвестиционных проектов, имеющих статус официальных. Учебник предназначен для студентов экономических специальностей, а также специалистов предприятий и организаций, занимающихся вопросами развития инвестиционной деятельности.
Jazyk:ruština
Vydáno: Санкт-Петербург, Питер, 2009
Vydání:3-е изд., перераб. и доп.
Edice:Учебник для вузов
Témata:
Médium: MixedMaterials
KOHA link:https://koha.lib.tpu.ru/cgi-bin/koha/opac-detail.pl?biblionumber=157874

MARC

LEADER 00000nmm0a2200000 4500
001 157874
005 20231101222008.0
010 |a 9785388006745 
035 |a (RuTPU)RU\TPU\book\171242 
035 |a RU\TPU\book\115549 
035 |a RU\TPU\book\134526 
090 |a 157874 
100 |a 20071030d2009 m y0rusy50 ca 
101 0 |a rus 
102 |a RU 
105 |a a j 001zy 
200 1 |a Экономическая оценка инвестиций  |e учебное пособие для вузов  |f под ред. М. И. Римера 
205 |a 3-е изд., перераб. и доп. 
210 |a Санкт-Петербург  |c Питер  |d 2009 
215 |a 416 с.  |c ил.  |e Прилож.: CD 
225 1 |a Учебник для вузов 
320 |a Библиогр.: с. 408-412. 
330 |a В данном учебнике экономическая оценка инвестиций рассматривается с позиции определения соответствия технических, организационных, маркетинговых, финансовых и других решений, заложенных в проекте, целям и экономическим интересам инвестора. Во втором издании структура книги осталась прежней, добавлены лишь одна глава и два параграфа. Для лучшего понимания и усвоения научной теории экономической эффективности инвестиций расширено изложение проблемы формирования потоков денежных средств с позиции методов отражения в них научных принципов определения эффективности, преобразования потоков, представлены вопросы и методики оценки эффективности в прогнозных ценах. Увеличен объем ряда глав за счет включения материала, посвященного актуальным проблемам — определению альтернативной стоимости имущества, оптимизации источников финансирования. Основные принципы оценки эффективности, изложенные в пособии, корреспондируются с требованиями второй редакции методических указаний по расчету эффективности инвестиционных проектов, имеющих статус официальных. Учебник предназначен для студентов экономических специальностей, а также специалистов предприятий и организаций, занимающихся вопросами развития инвестиционной деятельности. 
451 1 |0 (RuTPU)RU\TPU\book\205428  |y 978-5-388-00674-5  |t Экономическая оценка инвестиций  |o учебное пособие для вузов  |f под ред. М. И. Римера  |e 3-е изд., перераб. и доп.  |c Санкт-Петербург  |n Питер   |d 2011  |p 432 с.  |a Ример, Мир Иосифович 
451 1 |0 (RuTPU)RU\TPU\book\134526  |y 978-5-91180-194-6  |t Экономическая оценка инвестиций  |o учебное пособие для вузов  |f М. И. Ример, А. Д. Касатов, Н. Н. Матиенко  |e 2-е изд.  |c Санкт-Петербург  |n Питер   |d 2008  |p 474 с.  |s Издательская программа "300 лучших учебников для высшей школы в честь 300-летия Санкт-Петербурга" 
606 1 |a Инвестиции  |2 stltpush  |3 (RuTPU)RU\TPU\subj\36163  |9 57637 
610 1 |a экономика 
610 1 |a экономическая оценка 
610 1 |a инвестиционные процессы 
610 1 |a экономическая эффективность 
610 1 |a инвестиционная деятельность 
610 1 |a финансирование 
610 1 |a финансовая устойчивость 
610 1 |a риски 
610 1 |a финансовые инвестиции 
610 1 |a компьютерные программы 
610 1 |a учебники 
686 |a У9(2)0-56я73  |v LBC/SL-A  |2 rubbk 
702 1 |a Ример  |b М. И.  |g Мир Иосифович  |4 340 
801 1 |a RU  |b 63413507  |c 20090415  |g PSBO 
801 2 |a RU  |b 63413507  |c 20220422  |g PSBO 
900 |a Экономическая оценка инвестиций 
942 |c MX 
952 |b 080502 
959 |a 49/20090413  |d 7  |e 235,00  |f ЧЗГЛ:1  |f ЭЧЗ:1  |f УФ:5 
959 |a 81/20101108  |d 5  |e 0  |f Ф_ТПУ_Новокузнецк:1